[Event "Stay Safe Play From Home 199"]
[Site "T#646564Emanuel Laske"]
[Date "2020.06.04"]
[Round "1"]
[White "Mepe_Nika"]
[Black "Castlingarrocco"]
[Result "1-0"]
[WhiteElo "2310"]
[BlackElo "1946"]
[Annotator "TA"]
[PlyCount "40"]
[EventDate "2020.06.04"]
[EventType "swiss (blitz)"]

{[%evp 9,40,52,59,38,83,45,57,50,64,86,109,31,101,-38,31,6,7,-124,345,343,410,401,2059,1631,1629,1274,1205,894,2398,2332,2756,2696,2427]} 1. d4 Nc6 2. d5 Ne5 3. f4 Ng6 4. e4 e5 5. dxe6 fxe6 6. Nf3 {A40: Unusual replies to 1 d4.} Nf6 7. Nc3 (7. e5 {looks sharper.} Nd5 8. g3 d6 9. f5 Nge7 10. c4) 7... Bb4 8. Bd3 {[#] White is slightly better.} Bxc3+ $146 ({Predecessor:} 8... O-O 9. O-O d5 10. e5 Bc5+ 11. Kh1 Ng4 12. g3 Nh6 13. Ne2 Bd7 14. c3 Be7 {1-0 (42) Campbell,E (2110)-Jones,B (2108) ICCF email 2014}) 9. bxc3 O-O {[#]} 10. O-O ({White should try} 10. e5 $1 $16) 10... Qe7 (10... d5 $1 $14 11. e5 Ne4) 11. Be3 (11. e5 $16 Ng4 12. Bxg6 hxg6 13. h3) 11... b6 (11... Ng4 $15 12. Bd2 Nxf4) 12. e5 Nd5 13. Bd2 (13. Ng5 $11 h6 14. Bxg6 Nxe3 15. Qd3) 13... c5 $2 {[%mdl 8192] [#] A mistake that costs the game.} (13... Ndxf4 $17 {and life is bright. And now ...Bb7 would win.} 14. Be4 Qc5+ 15. Kh1 Ba6) 14. Ng5 $1 $18 Bb7 {[#]} 15. Qh5 $1 {[%csl Gg5][%cal Rh5h7][%mdl 576] Double Attack} Rxf4 (15... Nf6 $142 16. exf6 gxf6 17. Nxh7 Qxh7 18. Qxg6+ Qxg6 19. Bxg6 f5) 16. Qxh7+ {White is clearly winning.} Kf8 17. Bxg6 {[%cal Rh7h8]} Qxg5 18. g3 {[%mdl 64] Pin} Ke7 19. Bxf4 Kd8 20. Bxg5+ Kc7 {Accuracy: White = 34%, Black = 33%.} 1-0

[Event "Stay Safe Play From Home 199"]
[Site "T#646564Emanuel Laske"]
[Date "2020.06.04"]
[Round "1"]
[White "MarkonY"]
[Black "KLIND"]
[Result "1-0"]
[WhiteElo "2273"]
[BlackElo "1863"]
[Annotator "TA"]
[PlyCount "33"]
[EventDate "2020.06.04"]
[EventType "swiss (blitz)"]

{[%evp 9,33,-21,-19,-32,-17,-17,0,-29,-11,-39,-29,-77,42,12,66,43,108,81,1817,162,1159,479,29991,29992,29996,29997]} 1. d4 d5 2. c3 c6 3. Nf3 Nf6 4. Ne5 {[#]} g6 $146 ({Predecessor:} 4... Bf5 5. Qb3 Qb6 6. Nd2 e6 7. g3 Nbd7 8. Qxb6 Nxb6 9. f3 Nfd7 10. g4 Nxe5 11. gxf5 Nec4 12. fxe6 fxe6 13. Nxc4 Nxc4 {1-0 (41) Nikolic,V (1987)-Blagojevic,N (1586) Paracin 2012}) 5. Bf4 Bg7 6. Nd2 {D02: 1 d4 d5 2 Nf3 sidelines, including 2...Nf6 3 g3 and 2...Nf6 3 Bf4.} O-O 7. h3 Nbd7 8. Ndf3 {The position is equal.} Nxe5 9. Nxe5 Ne4 10. f3 Bxe5 (10... Nd6 $17) 11. Bxe5 Nf6 ({Black should try} 11... f6 $11) 12. Qd2 e6 (12... Nd7 $14) 13. g4 h5 $2 {[%mdl 8192] [#] Loses the game.} (13... Nd7 $16) 14. Rg1 $2 (14. Qh6 $1 {[%mdl 512] g5 would kill now.} Re8 15. g5 Qd6 16. Bxf6 Qg3+ 17. Kd1 Qe1+ 18. Kxe1 Rf8 19. Qh8#) 14... hxg4 $2 {[#]} (14... Nd7) 15. hxg4 (15. Qh6 $142 $1 {[%mdl 512]} g3 16. Rxg3 Re8 {[#]} 17. Rg4 $1 {[%mdl 512]} Qa5 18. Bxf6 Qxc3+ 19. bxc3 Rf8 20. Qh8#) 15... Nd7 (15... Ne8 $18 16. Qh6 f6 17. Qxg6+ Ng7) 16. Qh6 {[%csl Ge5][%cal Rh6h8]} Nxe5 17. Rh1 {Accuracy: White = 33%, Black = 22%.} 1-0

[Event "Stay Safe Play From Home 199"]
[Site "T#646564Emanuel Laske"]
[Date "2020.06.04"]
[Round "1"]
[White "Lamborghini"]
[Black "Trotsky"]
[Result "1-0"]
[WhiteElo "2179"]
[BlackElo "1581"]
[Annotator "TA"]
[PlyCount "47"]
[EventDate "2020.06.04"]
[EventType "swiss (blitz)"]

{[%evp 17,47,115,123,123,588,588,589,579,701,700,712,706,1260,722,1099,733,1110,864,904,789,765,754,735,738,979,769,1123,918,886,789,3147,2858]} 1. e4 c5 2. Nf3 Nc6 3. d4 cxd4 4. Nxd4 Nf6 5. Nc3 e6 6. Ndb5 d6 7. Bf4 e5 8. Bg5 Be7 9. Bxf6 {9.Nd5 is the modern continuation.} gxf6 10. Nd5 {aiming for Nbc7+. B33: Sicilian: Pelikan and Sveshnikov Variations.} a6 $2 {[%mdl 8192]} (10... O-O $16 {is tougher.}) 11. Nbc7+ $18 {[%mdl 64] [#] Double Attack. White is clearly winning.} Kf8 12. Nxa8 {[#]} Nd4 $146 ({Predecessor:} 12... Be6 13. Nac7 {1-0 (12) Pawlick,H (1945)-Graffenberger,W (1626) Binz 2017}) 13. c3 Ne6 14. Nab6 Kg7 15. Qd2 Rg8 16. O-O-O Kh8 17. g3 Bd7 18. Kb1 Bc6 19. Bh3 Nc5 20. Bf5 Rg7 21. Qe3 Na4 22. Rd2 Nxb6 23. Qxb6 Qd7 24. Bxd7 {Black did not feel at home in the position after the opening.} 1-0

[Event "Stay Safe Play From Home 199"]
[Site "T#646564Emanuel Laske"]
[Date "2020.06.04"]
[Round "1"]
[White "Lazieri3"]
[Black "Rk1966"]
[Result "0-1"]
[WhiteElo "2058"]
[BlackElo "1377"]
[Annotator "NA RC"]
[PlyCount "50"]
[EventDate "2020.06.04"]
[EventType "swiss (blitz)"]

1. e4 {[%emt 0:00:02]} e5 {[%emt 0:00:01]} 2. Nc3 {[%emt 0:00:00]} f6 {[%emt 0:00:01]} 3. Nf3 {[%emt 0:00:00]} d6 {[%emt 0:00:01]} 4. d4 {[%emt 0:00:01]} Be6 {[%emt 0:00:01]} 5. dxe5 {[%emt 0:00:03]} fxe5 {[%emt 0:00:01]} 6. Bg5 {[%emt 0:00:02]} Nf6 {[%emt 0:00:01]} 7. Bd3 {[%emt 0:00:02]} Be7 {[%emt 0:00:01]} 8. h3 {[%emt 0:00:02]} Nc6 {[%emt 0:00:01]} 9. O-O {[%emt 0:00:02]} Qd7 {[%emt 0:00:01]} 10. Bh4 {[%emt 0:00:01]} h6 {[%emt 0:00:02]} 11. Nh2 {[%emt 0:00:02]} g5 {[%emt 0:00:01]} 12. Bg3 {[%emt 0:00:01]} h5 {[%emt 0:00:01]} 13. f3 {[%emt 0:00:01]} g4 {[%emt 0:00:01]} 14. fxg4 {[%emt 0:00:01]} hxg4 {[%emt 0:00:01]} 15. h4 {[%emt 0:00:02]} O-O-O {[%emt 0:00:02]} 16. Qd2 {[%emt 0:00:05]} Nh5 {[%emt 0:00:01]} 17. Qf2 {[%emt 0:00:06]} Nxg3 {[%emt 0:00:02]} 18. Qxg3 {[%emt 0:00:00]} Bxh4 {[%emt 0:00:02]} 19. Qe3 {[%emt 0:00:01]} Rdg8 {[%emt 0:00:05]} 20. g3 {[%emt 0:00:01]} Bg5 {[%emt 0:00:02]} 21. Qe2 {[%emt 0:00:02]} Nd4 {[%emt 0:00:04]} 22. Qd1 {[%emt 0:00:01]} Rxh2 {[%emt 0:00:10]} 23. Kxh2 {[%emt 0:00:02]} Qh7+ {[%emt 0:00:02]} 24. Kg1 {[%emt 0:00:02]} Nf3+ {[%emt 0:00:01]} 25. Kf2 {[%emt 0:00:01]} Qh2# {[%emt 0:00:02] (Lag: Av=0.48s, max=1.0s)} 0-1

[Event "Stay Safe Play From Home 199"]
[Site "T#646564Emanuel Laske"]
[Date "2020.06.04"]
[Round "1"]
[White "Chesstiger9"]
[Black "Broken sword"]
[Result "1-0"]
[WhiteElo "1908"]
[BlackElo "2449"]
[Annotator "TA"]
[PlyCount "81"]
[EventDate "2020.06.04"]
[EventType "swiss (blitz)"]

{[%evp 9,80,17,51,41,43,27,20,24,21,14,24,10,30,14,12,0,0,0,0,-17,25,0,79,10,60,51,54,47,94,89,92,100,78,-132,160,207,203,196,294,280,285,260,366,385,452,433,463,438,716,704,688,684,639,585,1076,1072,1031,1020,1353,66,29989,29990,29983,29984,29995,29996,29996,29997,29997,29998,29998,29999,29999]} 1. d4 d5 2. Nf3 c6 3. e3 Nf6 4. Nbd2 {[%cal Bb1d2,Bd2f3,Bf3e5][%mdl 32]} Bg4 5. Be2 Bxf3 6. Nxf3 {D04: Colle System.} Nbd7 7. h3 e6 8. O-O {The position is equal.} Bd6 {[#]} 9. b3 $146 ({Predecessor:} 9. c4 O-O 10. b3 Qe7 11. Bb2 Ne4 12. Bd3 f5 13. Ne5 Rad8 14. f4 Ndf6 15. c5 Bxe5 16. dxe5 Nd7 17. b4 a5 18. a3 Ra8 19. Bxe4 fxe4 {½-½ (57) Sargac,R (2198)-Saric,K (2204) Sveti Martin 2009}) 9... Qe7 10. Bb2 Rc8 11. Ne5 O-O 12. f4 Ne4 13. Bd3 Ndf6 14. c4 Rfe8 15. Qc2 a6 (15... h5 $11 {keeps the balance.}) 16. Rac1 ({White should try} 16. g4 $16) 16... g6 17. cxd5 exd5 18. g4 $1 Bb8 19. g5 Nh5 20. Bxe4 dxe4 21. Qxe4 $2 {[#]} (21. Ng4 $16 {and life is bright.}) 21... f6 $2 {[%mdl 8192]} ({But not} 21... Ng3 22. Qg2 $15) (21... Bxe5 $1 $17 {keeps the pressure on.} 22. fxe5 (22. Qxe5 $2 Qd7 $19) 22... Qxg5+ 23. Qg4 Qxe3+ 24. Kg2 Rcd8) 22. gxf6 $16 Nxf6 23. Qf3 Nd5 (23... Rf8 $142 24. e4 Rcd8) 24. e4 $18 Nf6 25. f5 g5 (25... Nd7 {was called for.} 26. Nxd7 (26. fxg6 Nxe5 27. dxe5 hxg6 $16) 26... Qxd7) 26. Rce1 Qg7 27. Ng4 Nxg4 28. hxg4 Rcd8 (28... Bf4 $142 29. e5 Qh6) 29. e5 Qf7 30. f6 Re6 31. Qf5 Rde8 32. Qxg5+ Kh8 33. Re3 Ba7 34. Rh3 $2 ({White must play} 34. Kg2 $18 Bb8 {[#]} 35. Rh3 $1 {[%mdl 512]}) 34... c5 $2 {[%mdl 8192] This move loses the game for Black.} (34... Rxe5 $14 35. Qh4 Rg8) 35. d5 {White mates.} c4+ 36. Kh1 Rb6 37. e6 Rbxe6 38. dxe6 Rxe6 39. Qg7+ Qxg7 40. fxg7+ Kg8 41. Rf8# {Accuracy: White = 77%, Black = 33%.} 1-0

[Event "Stay Safe Play From Home 199"]
[Site "T#646564Emanuel Laske"]
[Date "2020.06.04"]
[Round "1"]
[White "Cirovicz"]
[Black "SoulofWolf"]
[Result "0-1"]
[WhiteElo "1886"]
[BlackElo "2192"]
[Annotator "TA"]
[PlyCount "96"]
[EventDate "2020.06.04"]
[EventType "swiss (blitz)"]

{[%evp 9,96,-81,-3,-10,-4,-6,-7,-33,-29,-41,-27,-243,-231,-258,-151,-136,-148,-194,-177,-232,-231,-517,-517,-504,-498,-550,-424,-414,-370,-459,46,-219,119,-222,-193,-233,-148,-614,-270,-664,-666,-930,-856,-1139,-789,-1729,-1692,-1392,-806,-892,-881,-893,-870,-929,-676,-688,-683,-642,-557,-524,-114,-527,-516,-558,-547,-691,-566,-562,-545,-585,-558,-687,-8,-6,-6,-36,478,475,497,497,478,466,462,-5608,12838,-5600,-5291,-29988,-29989]} 1. e4 c5 2. Nf3 a6 3. Bc4 b5 4. Bd5 Nc6 {[#]} 5. b4 $146 ({Predecessor:} 5. Ng5 e6 6. Bxc6 dxc6 7. Nf3 Nf6 8. d3 Qc7 9. O-O Bd6 10. g3 O-O 11. Bg5 {0-1 (37) Pesek,A-Sustek,A (1368) Prague 2016}) 5... e6 (5... cxb4 $17 6. d4 Nf6) 6. Bxc6 $11 {B28: Sicilian: 2 Nf3 a6 (O'Kelly Variation).} dxc6 7. bxc5 $1 Bxc5 8. Bb2 {The position is equal.} Nf6 9. d4 Bb6 ({Avoid the trap} 9... Nxe4 $2 10. Qe2 $18) 10. d5 $2 {[#]} (10. Nbd2 $11 {and White stays safe.}) 10... Nxe4 $19 11. O-O cxd5 (11... exd5 $19 12. a4 O-O 13. axb5 cxb5) 12. Bxg7 $17 Rg8 $36 {[%mdl 2048] Black is in control.} 13. Be5 Bb7 14. Nbd2 (14. a4 {was called for.}) 14... Rc8 $19 15. Nxe4 $2 (15. a4) 15... dxe4 16. Qxd8+ Rxd8 17. Nh4 Ke7 18. a4 f6 19. Bc3 bxa4 $2 (19... Rg4 $19 20. axb5 axb5) 20. Rxa4 $2 {[%mdl 8192]} (20. Rab1 $14) 20... f5 $2 {[#]} (20... Rg5 $19 {And now ...Rb5 would win.} 21. Rb1 Kf7) 21. Rfa1 $2 {[%mdl 8192]} (21. Rb4 $1 $16 {is forced if you want to stay better.}) 21... Ba7 22. g3 Rd7 23. Nf3 $2 {[%mdl 8192]} (23. Ng2 $17) 23... Rc8 (23... exf3 $142 24. Rh4 Ke8) 24. Ba5 $2 (24. Bb4+ Kf6 25. Ne1) 24... exf3 25. Rh4 Kf6 26. Bb4 Rc6 27. Rh6+ Kg7 28. Rh4 Bd4 29. c3 Bf6 30. Rf4 Kg6 31. g4 e5 32. gxf5+ Kg5 33. Rxf3 Rg7 34. Rg3+ Kh6 $2 (34... Kxf5 $19 {is more deadly.} 35. Kf1 Rd7 36. Rf3+ Ke6) 35. Rxg7 $4 {[%mdl 8192]} (35. Bf8 $17 {was the crucial defense.} Rcc7 36. Rd1) 35... Kxg7 36. Ra3 Bc8 37. f4 Bxf5 38. fxe5 Bxe5 39. c4 Kf6 40. Bc3 Bd4+ $2 (40... Bxc3 $19 41. Rxc3 Ke5) 41. Bxd4+ $11 {[%mdl 4096] Endgame KRB-KRB} Ke6 42. Re3+ Be4 $2 {[%mdl 8192]} (42... Kd7 $15 {keeps the upper hand.}) 43. Rxe4+ $18 {KRB-KR} Kf5 44. Re5+ Kf4 45. Rc5 Rg6+ 46. Rg5 $4 {[%mdl 8192]} (46. Kf1 $18) 46... Ke4 $4 {[%mdl 8192]} (46... Rxg5+ $19 47. Kf2 Rh5) 47. Kf2 $4 {[%mdl 8192]} (47. Rxg6 $18 hxg6 48. Bb6) 47... Rxg5 $19 48. h4 Rf5+ {Accuracy: White = 24%, Black = 37%.} 0-1

[Event "Stay Safe Play From Home 199"]
[Site "T#646564Emanuel Laske"]
[Date "2020.06.04"]
[Round "1"]
[White "Tobo Rubirosa"]
[Black "Weltszmerc"]
[Result "0-1"]
[WhiteElo "1486"]
[BlackElo "2128"]
[Annotator "TA"]
[PlyCount "38"]
[EventDate "2020.06.04"]
[EventType "swiss (blitz)"]

{[%evp 9,38,-16,-10,-16,20,0,17,14,30,-163,-158,-150,-150,-149,-157,-209,-217,-283,-281,-287,-289,-279,-277,-290,-284,-304,-294,-345,-293,-301,-290]} 1. e4 Nf6 2. Qe2 d5 3. e5 Nfd7 4. d4 e6 5. g3 c5 6. c3 {B02: Alekhine's Defence: Chase Variation and lines with early Nc3.} cxd4 7. cxd4 Nc6 8. Nf3 {The position is equal.} Qb6 {[#]} 9. Bg2 $146 {[#]} (9. Be3 $11) ({Predecessor:} 9. Be3 Na5 10. Qb5 a6 11. Qxb6 Nxb6 12. b3 Bd7 13. Nbd2 Rc8 14. Be2 Ba3 15. O-O {0-1 (55) Burdin,D (1243)-Golikov,S (1789) St Petersburg 2016}) 9... Nxd4 $19 10. Nxd4 Qxd4 11. O-O Qxe5 ({And not} 11... Nxe5 12. Nc3 $11) 12. Qxe5 (12. Re1 $17 Qxe2 13. Rxe2) 12... Nxe5 13. Re1 Nd3 {Black has a decisive advantage.} 14. Rd1 Nxc1 15. Rxc1 Bd7 16. Nc3 Bd6 17. Rd1 Bc6 18. Ne4 Be7 19. Nc3 O-O {Black took control after the opening. Accuracy: White = 47%, Black = 89%.} 0-1

[Event "Stay Safe Play From Home 199"]
[Site "T#646564Emanuel Laske"]
[Date "2020.06.04"]
[Round "2"]
[White "Broken sword"]
[Black "Cirovicz"]
[Result "1-0"]
[WhiteElo "2417"]
[BlackElo "1881"]
[Annotator "TA"]
[PlyCount "103"]
[EventDate "2020.06.04"]
[EventType "swiss (blitz)"]

{[%evp 9,102,-45,-8,-6,-5,10,-2,-20,25,26,100,72,80,-45,35,-57,66,55,97,-46,41,1,124,-12,35,12,66,58,567,435,454,390,800,785,1623,802,1496,967,1531,599,738,729,706,712,1374,1184,29996,1135,1119,1133,1133,1127,1114,1090,1186,1154,1176,1171,1033,1013,29976,29976,29975,29977,29985,29986,29988,29989,29992,29983,29989,29990,29990,29991,29992,29992,29992,29993,29993,29994,29996,29997,29998,29995,29995,29996,29996,29997,29998,29996,29997,29998,29998,29999,29999]} 1. e4 e6 2. d4 c5 3. Nd2 cxd4 4. Ngf3 Nc6 5. Bb5 {[#]} e5 $146 ({Predecessor:} 5... Nge7 6. O-O a6 7. Bd3 d6 8. Nb3 e5 9. c3 dxc3 10. bxc3 Ng6 11. Be3 Be7 {1-0 (52) Posylek,C (2321)-Blechar,M (2295) ICCF email 2001}) 6. Bxc6 {C01: French: Exchange Variation.} dxc6 7. Nxe5 Bd6 ({Much weaker is} 7... Qg5 $6 8. Ndf3 $16) 8. Nd3 {The position is equal.} c5 9. O-O Be6 (9... Bc7 $11 {keeps the balance.}) 10. e5 Be7 11. f4 (11. Re1 $16) 11... Qc7 (11... Nh6 $15) 12. b3 (12. f5 $14 Bd5 13. b3) 12... Bd5 (12... Nh6 $15) 13. Qe2 $14 O-O-O 14. Ne4 (14. Qg4+ $16 Kb8 15. Qxg7) 14... f6 (14... Qc6 $15 15. Nd2 g6) 15. Bd2 $36 {[%mdl 2048] White has some pressure.} fxe5 (15... f5 $11 16. Ng5 Nh6) 16. Nxe5 (16. fxe5 $16 Nh6 17. Bxh6 gxh6 18. Nf6) 16... Nh6 17. Ng5 Bxg5 (17... Rhe8 $11 18. Nxh7 Bd6) 18. fxg5 Ng8 $2 {[%mdl 8192] Now Black is done in.} (18... Rhe8 $14 19. gxh6 Rxe5 20. Qg4+ Qd7 21. Qxd7+ Kxd7) 19. Bf4 {[#] Threatens to win with Qg4+.} Qe7 20. Qb5 a6 $2 (20... b6 21. Nc6 Qb7) 21. Qb6 $18 h6 {[#]} 22. Rae1 (22. Ng6 $142 $1 {[%mdl 512]} Qd7 23. Qa7) 22... hxg5 23. Bg3 {White wants to mate with Nc6!} Qc7 24. Qa7 (24. Nc4 $142 {[%csl Gg3][%cal Rb6c7]} Qxg3 25. hxg3) 24... Qb8 25. Qxc5+ {[%mdl 64] Double Attack} Qc7 26. Qa7 Qb8 27. Qxd4 {Qg4+ would kill now.} Bxg2 28. Qc5+ (28. Qg4+ $142 Kc7 29. Nd7+ Kc6 30. Qc4+ Kxd7 31. Qe6#) 28... Qc7 29. Qxc7+ Kxc7 30. Kxg2 Nf6 31. Nf7+ Kb6 32. Nxh8 Rxh8 33. Re6+ Ka7 34. Be5 b5 35. Bxf6 {White mates.} gxf6 36. Rfxf6 a5 37. Rf7+ Ka8 38. c4 g4 39. cxb5 a4 40. bxa4 g3 41. hxg3 Rc8 42. b6 Rh8 43. a5 {[%cal Ba4a5,Ba5a6][%mdl 32]} Kb8 44. a6 Ka8 45. Ree7 Rc8 46. g4 Rc2+ 47. Kg3 Rc3+ 48. Kh4 Rc8 49. g5 Kb8 50. Rb7+ Ka8 51. Ra7+ Kb8 52. Rfb7# {Accuracy: White = 40%, Black = 13%.} 1-0

[Event "Stay Safe Play From Home 199"]
[Site "T#646564Emanuel Laske"]
[Date "2020.06.04"]
[Round "2"]
[White "Mepe_Nika"]
[Black "Lamborghini"]
[Result "0-1"]
[WhiteElo "2314"]
[BlackElo "2180"]
[Annotator "TA"]
[PlyCount "78"]
[EventDate "2020.06.04"]
[EventType "swiss (blitz)"]

{[%evp 12,77,62,62,91,91,102,68,101,58,80,-42,-60,-50,-39,-136,-26,-329,-293,-703,-116,-271,-120,-184,-81,-89,-65,-235,-230,-205,-221,-321,-346,-316,-325,-371,-343,-555,-543,-745,-725,-1686,-709,-1192,-69,-69,-102,-99,0,-105,-109,-96,0,0,0,-747,0,0,0,-266,-266,-5893,-5705,-29997,-29998,-29998,-29999,-29999]} 1. d4 Nf6 2. Bf4 g6 3. Nc3 Bg7 4. e4 O-O 5. Qd2 d6 6. O-O-O c6 7. Bh6 Bxh6 {B07: Pirc Defence: Miscellaneous Systems.} 8. Qxh6 Qa5 9. Kb1 Be6 {White is slightly better.} 10. f3 b5 $1 {[%cal Rb5b4] [#]} 11. a3 $146 (11. h4 $1 $16) ({Predecessor:} 11. e5 dxe5 12. dxe5 Nfd7 13. Nh3 Bxh3 14. Ne4 Rd8 15. Qxh3 Nxe5 16. Be2 Na6 17. Ng5 {1-0 (30) Motylev,A (2649)-Valdes Romero,L (2362) Berlin 2015}) 11... b4 $15 12. axb4 Qxb4 13. Nge2 (13. d5 $15 cxd5 14. exd5) 13... Nbd7 (13... Na6 $1 $17 14. Qc1 Rfb8) 14. Nc1 $2 {[%mdl 8192] [#]} (14. d5 $1 $11 cxd5 15. exd5) 14... Rfb8 $1 $19 {[%csl Gb8][%cal Rb4b2][%mdl 512] [#]} 15. Nd3 $2 (15. Nb3 $1 {[%mdl 512]}) 15... Qa5 $2 (15... Qxc3 $19 {has better winning chances.} 16. Qf4 Rb7) 16. Kc1 $2 {[#]} (16. Qd2 $17) 16... Bc4 (16... Rxb2 $1 $19 {[%mdl 512]} 17. Nxb2 (17. Kxb2 Rb8+) 17... Qxc3) 17. Kd2 (17. Qe3 $17) 17... e5 (17... c5 $19 {is more deadly.} 18. dxc5 Bxd3 19. Bxd3 Rxb2) 18. dxe5 $17 dxe5 19. h4 $2 (19. Rb1 $1 $15) 19... Bxd3 $19 20. Bxd3 Rxb2 {Hoping for ...Nc5.} 21. Rb1 (21. Ra1 {was necessary.} Qb4 22. Rhb1) 21... Rxb1 22. Rxb1 Nc5 23. Qe3 Rd8 24. Rb2 $2 (24. Qe1 {is the only way for White.}) 24... Nh5 25. Ra2 Qb4 26. Rxa7 Nf4 (26... Nxd3 $142 27. g3 Ndf4+ 28. Kc1 Nxg3) 27. g3 Rxd3+ $2 (27... Nfxd3 $19 28. Qg5 Qb6) 28. cxd3 $15 Qb2+ 29. Kd1 Nfxd3 ({Inferior is} 29... Qxc3 30. gxf4 exf4 31. Ra8+ (31. Qxf4 Qxd3+ 32. Ke1 Qb1+ 33. Ke2 Qb5+ 34. Ke3 Qb3+ 35. Ke2 Qc4+ 36. Kd2 Qb4+ 37. Ke2 Qb5+ 38. Ke3 Qb3+ 39. Ke2 Qc4+ 40. Kd2 Qd3+ 41. Ke1 Qb1+ 42. Ke2 Qb5+ $11) 31... Kg7 32. Qd2 $11) (29... Qb3+ $17 30. Kd2 Nfxd3) 30. Ra8+ (30. Qd2 $11 {keeps the balance.}) 30... Kg7 $17 {[%mdl 1024] Black has strong compensation.} 31. Qd2 Qb3+ $40 {[%mdl 128] Black has some attack.} ({Better is} 31... Qb7 $17 32. Rd8 Nb2+ 33. Ke1 Qb6) 32. Ke2 $11 Qc4 {Strongly threatening ...Nb3.} 33. h5 $2 {[%mdl 8192] [#]} (33. Nd1 $11 Nb3 34. Ne3 Nf4+ {[%mdl 64] Discovered Attack (Double check)} 35. Kf2 Nd3+ 36. Ke2 Nf4+ {[%mdl 64] Discovered Attack (Double check)} 37. Kf2 Nd3+ 38. Ke2) 33... Nf4+ $2 ({Black should try} 33... Nb3 $1 $19 34. Qe3 Qxc3) 34. Kf2 $1 Nxh5 35. g4 $2 {[%mdl 8192]} (35. Ne2 $11) 35... Nf4 $19 {Threatens to win with ...Nfd3+.} 36. Kg3 $2 (36. Rb8) 36... Qf1 {( -> ...Qg1+)} 37. Qd8 Qg1+ {Black mates.} 38. Kh4 Qh2+ 39. Kg5 h6# {Accuracy: White = 13%, Black = 44%.} 0-1

[Event "Stay Safe Play From Home 199"]
[Site "T#646564Emanuel Laske"]
[Date "2020.06.04"]
[Round "2"]
[White "SoulofWolf"]
[Black "Chesstiger9"]
[Result "0-1"]
[WhiteElo "2197"]
[BlackElo "1941"]
[Annotator "TA"]
[PlyCount "88"]
[EventDate "2020.06.04"]
[EventType "swiss (blitz)"]

{[%evp 9,87,0,77,6,43,41,48,42,35,0,14,-16,-14,-77,-58,-80,-28,-35,-42,-60,-54,-83,-65,-154,-113,-262,-174,-527,-281,-258,-65,-56,-62,-78,-70,-329,-325,-745,-740,-712,-719,-839,-682,-1120,-1105,-1294,-1283,-1181,-1029,-912,-774,-1593,-1593,-1468,-1254,-29968,-1775,-29987,-29988,-29997,-29995,-29995,-29994,-29994,-29995,-29995,-29995,-29996,0,-29991,0,-29988,-29980,-29994,-29995,-29995,-29985,-29988,-29987,-29999]} 1. c4 e6 2. Nf3 d5 3. g3 dxc4 4. Bg2 Nf6 5. O-O g6 {[#]} (5... a6 $11 {remains equal.}) 6. a4 $146 {A13: English Opening: 1...e6.} (6. Na3 $16) ({Predecessor:} 6. Na3 Bg7 7. Nxc4 O-O 8. d4 Nbd7 9. Bf4 h6 10. Qc2 Nd5 11. Bd2 N5b6 12. Rac1 Nxc4 13. Qxc4 {1-0 (31) Vastrukhin,O (2319)-Kvanin,G (1965) Armavir 2011}) 6... Bg7 7. Na3 $1 O-O 8. Nxc4 {White is slightly better.} c5 9. e3 Nc6 10. d3 Nd5 11. Ne1 (11. d4 $11 {keeps the balance.}) 11... Ndb4 12. Qb3 a5 (12... e5 $17) 13. Bd2 e5 14. Rd1 Be6 15. Qa3 Qe7 16. f4 (16. Bc3 $15) 16... Rad8 17. e4 (17. Nxe5 $17 {is a better defense.} Nxe5 18. fxe5) 17... Nd4 {Threatens to win with ...exf4.} 18. h3 $2 (18. fxe5 {is more resistant.} f6 19. b3) 18... Bxc4 19. dxc4 Ndc2 $2 (19... exf4 $19 {And now ...Ne2+ would win.} 20. gxf4 Ne2+ 21. Kh1 Qh4) 20. Nxc2 $15 Nxc2 21. Qb3 {White is on the road to losing.} Nd4 22. Qb6 $2 {[%mdl 8192]} (22. Qe3 $15) 22... Rd6 $19 23. Qa7 $2 (23. Qxc5 Qd7 24. Qxa5) 23... Ra6 24. Qxa6 bxa6 25. Bc3 Rd8 26. Rfe1 {[#]} Ne2+ $1 27. Kh2 (27. Rxe2 Rxd1+) 27... Rxd1 28. Rxd1 Nxc3 29. bxc3 h5 30. Rd5 exf4 31. gxf4 Bxc3 32. e5 Bd4 (32... Qh4 $142 33. f5 Qf4+ 34. Kh1 Bxe5 35. Rxe5 Qxe5 36. fxg6 Qa1+ 37. Kh2 fxg6 38. Bc6 Qa2+ 39. Kg3 Qxc4 40. h4 Qd3+ 41. Bf3 c4 42. Kf4 Qd6+ 43. Ke3 c3 44. Be4 Qd2+ 45. Kf3 Kf7 46. Kg3 Qe3+ {[%mdl 64] Double Attack} 47. Bf3 c2 48. Kg2 c1=Q 49. Bd5+ Kg7 50. Bf3 Qcg1+ 51. Kh3 Qxf3#) 33. Be4 {[#]} Qh4 $1 34. f5 Qf2+ 35. Bg2 Qf4+ 36. Kh1 Qc1+ {[%mdl 64] Double Attack} 37. Kh2 Qg1+ 38. Kg3 Qf2+ 39. Kh2 Qf4+ 40. Kh1 Bxe5 {[%csl Ge5][%cal Rf4h2] Black mates.} 41. Rd8+ {[#]} Kg7 $1 {[%csl Ge5][%cal Rf4h2]} 42. Kg1 Qg3 43. Rd1 Bd4+ 44. Kf1 Qf2# {Accuracy: White = 28%, Black = 54%.} 0-1